Harry Potter Magical Beasts Quiz Stats

 Plays Quiz Updated Sep 19, 2012

Also try: Harry Potter Pets
Challenge
Share
Tweet
Score 0/75 Timer 10:00
0 Plays Today
Beast % Correct
Dragon
78.5%
Hippogriff
73.8%
Centaur
64.8%
Unicorn
56.8%
Troll
56.5%
Basilisk
54.2%
Merpeople
53.8%
Werewolf
49.3%
Winged horse
46.6%
Acromantula
45.1%
Pixie
45%
Phoenix
41.6%
Grindylow
40.3%
Sphinx
31.1%
Bowtruckle
27.5%
Gnome
27.4%
Flobberworm
27%
Niffler
26%
Fairy
25.7%
Kneazle
24.7%
Red Cap
22.8%
Griffin
22.6%
Doxy
20.9%
Kappa
19.5%
Ghoul
19%
Manticore
17.9%
Leprechaun
17.2%
Salamander
16.6%
Fire crab
16.3%
Chimaera
15.6%
Imp
14.5%
Kelpie
14.1%
Crup
14%
Puffskein
13.8%
Erumpent
13.2%
Ashwinder
13.1%
Yeti
12.9%
Billywig
12.7%
Beast % Correct
Lethifold
12.7%
Knarl
12.5%
Demiguise
12.2%
Augurey
11.6%
Hippocampus
10.7%
Fwooper
10.2%
Erkling
9.9%
Nundu
9.9%
Horklump
9.9%
Jarvey
9.7%
Quintaped
9.6%
Diricawl
9.5%
Occamy
9.4%
Mooncalf
9.4%
Bundimun
9.4%
Chizpurfle
9.2%
Plimpy
9.2%
Dugbog
9.2%
Murtlap
9.2%
Graphorn
9%
Clabbert
9%
Jobberknoll
9%
Sea Serpent
8.9%
Moke
8.9%
Runespoor
8.8%
Glumbumble
8.7%
Golden Snidget
8.5%
Re'em
8.4%
Porlock
8.4%
Nogtail
8.2%
Ramora
7.9%
Lobalug
7.7%
Mackled Malaclaw
7.6%
Tebo
7.5%
Pogrebin
7.5%
Streeler
7.5%
Shrake
7.3%

You're not logged in!

Compare scores with friends on all Sporcle quizzes.
OR
Log In

You Might Also Like...

Show Comments

Extras

Top Quizzes Today


Score Distribution

Your Account Isn't Verified!

In order to create a playlist on Sporcle, you need to verify the email address you used during registration. Go to your Sporcle Settings to finish the process.

Report this User

Report this user for behavior that violates our Community Guidelines.

Details: